El pueblo soberano (Record no. 171154)

MARC details
000 -LEADER
campo de control de longitud fija 00630nam a22001455i 4500
001 - NÚMERO DE CONTROL
campo de control 171154
003 - IDENTIFICADOR DE NÚMERO DE CONTROL
campo de control ES-MaACL
005 - FECHA Y HORA DE LA ÚLTIMA TRANSACCIÓN
campo de control 20230906214544.0
008 - DATOS DE LONGITUD FIJA--INFORMACIÓN GENERAL
campo de control de longitud fija 090430s1856 sp |||| | spa d
100 1# - ENTRADA PRINCIPAL--NOMBRE DE PERSONA
Nombre de persona Franquelo, Ramón.
9 (RLIN) 139997
245 13 - MENCIÓN DEL TÍTULO
Título El pueblo soberano
Resto del título : comedia en tres actos /
Mención de responsabilidad, etc. escrita en verso por Ramón Franquelo.
260 ## - PUBLICACIÓN, DISTRIBUCIÓN, ETC.
Lugar de publicación, distribución, etc. Málaga :
Nombre del editor, distribuidor, etc. [Círculo Literario],
Fecha de publicación, distribución, etc. 1856 (
Fabricante Imp. del Círculo Literario)
300 ## - DESCRIPCIÓN FÍSICA
Extensión 76 p. ;
Dimensiones 18 cm.
852 ## - LOCALIZACIÓN
Ubicación ES-MaACL
Número de control de estantería F-8588(1)
Nota libre .- Enc. pasta española
condición física .- Falto de la cub. original
Nota libre - Enc. en un vol. facticio formando parte de la col. "Teatro español moderno", vol. 41
Holdings
Estatus retirado Estado de pérdida Estado de daño No para préstamo Colección Biblioteca de origen Biblioteca actual Ubicación en estantería Fecha de adquisición Fuente de adquisición Total de préstamos Signatura topográfica completa Código de barras Visto por última vez Precio de reemplazo Tipo de ítem Koha
        Libros del s. XIX Biblioteca del Ateneo de Madrid Biblioteca del Ateneo de Madrid Sala Pecera Planta 2 30/04/2009     F-8588(1) 1179619 23/02/2023 23/02/2023 Libro impreso antiguo